000
00227nmm a2200097Ia 4500
008
220120s9999||||xx |||||||||||||||||und||
082
_a
005.276 SCE
100
_a
Sceppa, David
_9
5370
245
0
_a
Programming ADO
260
_c
2001
999
_c
139158
_d
139158